000 00511nab a22001457 4500
003 ES-SlBCS
005 20210327224048.0
008 141104s2014 sp ||||| |||| 00| 0 spa d
040 _aES-SlBCS
_bspa
041 _aspa
100 1 _aDickinson, Colby
_992970
245 1 1 _a¿Son los únicos verdaderos ateos realmente teólogos? Sobre el pensamiento continental y su tono perpetuamente apocalíptico
_cColby Dickinson
773 0 _gNúm. 356, 2014, págs. 51-62
_tConcilium
_wRev134
_x0210-1041
942 _2lcc
_cAR
999 _c457161
_d457161